000 00608nam a2200205 i 4500
001 141139
003 ES-MaACL
005 20250806063132.0
007 t|
008 070919s1965 sp ||||1| spa d
100 1 _aRodríguez de Yurre, Gregorio,
_d1913-1989
_998480
245 1 0 _aSocialismo democrático europeo /
_cGregorio R. de Yurre.
260 _aBilbao :
_bEd. Ethos,
_c1965.
300 _a105 p. ;
_c19 cm.
490 1 _aAntena ;
_v2
650 7 _aDemocracia
_2embne
_911574
830 0 _aAntena ;
_v2
_9220384
852 _aES-MaACL
_jC-27229
_bR.56389
999 _c141139
_d141139